00653nam a22002057a 450000500170000001000110001702000220002803500110005003700160006104000120007708200160008910000170010524500560012226000430017827000470022130000240026850000510029265000520034365000520039520170124110038.0 a919783 c00.00a0710082096 a919783 bCen Lib/Ret aDPLbEN a883.03bCOL aColmer, John aE.M. Forste :cby John Colmerbthe personal voice / aLondonbRoutledge and Kegan Paulc1975 bLondonaBroadway House, 68-74 Carter Lane  axii,243p.c20cm(Hb) aIncludes bibliographical references and index  aForster, E. M. -- (Edward Morgan), -- 1879-1970 aForster, E. M. -- (Edward Morgan), -- 1879-1970